| 000 | 01347nam0a22003371 4500 | ||
|---|---|---|---|
| 001 | RU\INFOCOMM_322\NLR\5000220600 | ||
| 005 | 20250613112032.0 | ||
| 035 | _a(NLR Aleph) 009601945 | ||
| 090 |
_a9316480 _c9316480 |
||
| 100 | _a20130311d1967 |||y0rusy50 ca | ||
| 101 | 0 | _afre | |
| 102 | _aRU | ||
| 105 | _ay z ||||| | ||
| 200 | 1 |
_aGrammaire française _e[Destinée à l'usage des inst. péd. des langues étrangères pour les étudiants de 2-e et 3-e années] _fE. K. Nikolskaïa, T. Y. Goldenberg |
|
| 205 | _a2-e éd. | ||
| 210 |
_aM. _c"École supérieure" _d1967 |
||
| 215 |
_a368 с. _d20 см |
||
| 300 | _aВ вып. дан.: Никольская Елизавета Константиновна, Гольденберг Тамара Яковлевна. Грамматика французского языка | ||
| 606 | 0 |
_aФранцузский язык _xГрамматика _2nlr_sh1 |
|
| 620 | _aМосква | ||
| 686 |
_aЯ412-160 _2rubbk |
||
| 686 |
_aЯ412-670 _2rubbk |
||
| 700 | 1 |
_9z01790 _aNikol'skaja _bE. K. _gElizaveta Konstantinovna |
|
| 701 | 1 |
_9z02790 _aGol'denberg _bT. J. _gTamara Jakovlevna |
|
| 790 | 1 |
_9z01700 _aNikolskaïa _bE. K. _4070 |
|
| 790 | 1 |
_9z02701 _aGoldenberg _bT. Y. _4070 |
|
| 801 | 1 |
_aRU _bInfocomm _c20130311 |
|
| 801 | 0 |
_aRU _bINFOCOMM _gPSBO |
|
| 852 |
_aNLR _jЯ31 Д-3/10 |
||
| 942 | _cBOOK | ||
| 980 | _aNB | ||